000 00810nam a2200241Ia 4500
008 191130s2007##################000#0#eng##
020 _a9781741141245
040 _aACL
_cACL
082 _a302.23 CRA
100 _aCraig, Geoffrey
245 _aThe media, politics and public life
_cGeoffrey Craig
260 _aCrows Nest, N.S.W
_bAllen & Unwin
_c2007
300 _ax, 228 p ; 21 cm
500 _aIncludes bibliographical references (p. 208-218)and index
650 _aAustralia -- Politics and government -- Press coverage
650 _aBroadcast journalism -- Political aspects
650 _aMass media -- Political aspects
650 _aMass media and public opinion
650 _aTelevision and politics
990 _aaa1c844dac10000c56ce7a0a7ced197f
991 _a219865
999 _c58683
_d58683